Aurora alegre del dichoso dia de la gracia Maria santissima digna madre de Dios. Mes de vida, donde hallaràn las almas, pasto saludable, y dulce paa cada dia. Epitome de los libros Mystica ciudad de Dios, y vida de la virgen madre de Dios / por Fr. Francisco Antonio de Vereo, predicador de la santa recoleccion de N. S. P. S. Francisco de la provincia del santo Evangelio / por Fr. Francisco Antonio de Vereo, predicador de la santa recoleccion de N. S. P. S. Francisco de la provincia del santo Evangelio

Detalles Bibliográficos
Autor principal: Vereo, Francisco Antonio
Formato: Libro
Lenguaje:Spanish
Publicado: en Mexico : por Joseph Bernardo de Hogal, 1730
Materias:
Colección:Banco de datos
Acervo:Colección Convento de San José de Gracia del Archivo Histórico del Colegio de San Ignacio de Loyola. Vizcaínas
Descripción Física:[20] h., 488 p. ; 8°
Tema general:Mariología
Notas:Incluye retrato de Nuestra Señora de Tepepan ien grabado xilográfico. Encuadernación en pergamino. Daños en la encuadernación y de humedad
LEADER 01130nam a22001690004500
035 |a 120 
041 0 |a spa 
100 1 |a Vereo, Francisco Antonio 
245 1 0 |a Aurora alegre del dichoso dia de la gracia Maria santissima digna madre de Dios. Mes de vida, donde hallaràn las almas, pasto saludable, y dulce paa cada dia. Epitome de los libros Mystica ciudad de Dios, y vida de la virgen madre de Dios / por Fr. Francisco Antonio de Vereo, predicador de la santa recoleccion de N. S. P. S. Francisco de la provincia del santo Evangelio / por Fr. Francisco Antonio de Vereo, predicador de la santa recoleccion de N. S. P. S. Francisco de la provincia del santo Evangelio 
260 |a en Mexico : por Joseph Bernardo de Hogal, 1730 
300 |a [20] h., 488 p. ; 8° 
500 |a Incluye retrato de Nuestra Señora de Tepepan ien grabado xilográfico. Encuadernación en pergamino. Daños en la encuadernación y de humedad 
650 1 0 |a Mariología 
949 |a 187 
942 |c VIZCHIST 
943 |g Colección Convento de San José de Gracia del Archivo Histórico del Colegio de San Ignacio de Loyola. Vizcaínas 
999 |c 1092864  |d 1092864